Otsuchi : Future Memories /
Colección de imágenes a color que el fotógrafo argentino Alejandro Chaskielberg tomó en Otsuchi, Japón, después del gran terremoto y tsunami que afectó a esta localidad en el año 2011; se documenta el potencial de la fotografía como imágenes reales y copiadas que interactúan en los cruces del pasado...
Gardado en:
| Autor Principal: | |
|---|---|
| Outros autores: | , |
| Formato: | Libro |
| Idioma: | Lingua castelá |
| Publicado: |
México :
Editorial RM,
2015, c2015
|
| Temas: | |
| Etiquetas: |
Sen Etiquetas, Sexa o primeiro en etiquetar este rexistro!
|
MARC
| LEADER | 00000nam^a2200000^a^4500 | ||
|---|---|---|---|
| 001 | 000451458 | ||
| 005 | 20250526000000.0 | ||
| 009 | 20260310123813.547 | ||
| 020 | |a 978-607-8295-32-6 | ||
| 037 | |a Acervo ITESO - Biblioteca | ||
| 041 | |a GRA | ||
| 041 | |a ESP | ||
| 082 | |a 770. 982 |b CHA OTS | ||
| 100 | |a Chaskielberg, Alejandro |e (fotógrafo) | ||
| 245 | 1 | 0 | |a Otsuchi : |b Future Memories / |c Fotógrafo A. Chaskielberg ; pref. D. Moriyama ; dir. creativa de R. Reverté. |
| 264 | 4 | |a México : |b Editorial RM, |c 2015, c2015 | |
| 300 | |a 112 p. ; |c 26.0 cm. | ||
| 336 | |a texto |b txt |2 rdacontenido | ||
| 337 | |a sin mediación |b n |2 rdamedio | ||
| 338 | |a volumen |b nc |2 rdasoporte | ||
| 520 | |a Colección de imágenes a color que el fotógrafo argentino Alejandro Chaskielberg tomó en Otsuchi, Japón, después del gran terremoto y tsunami que afectó a esta localidad en el año 2011; se documenta el potencial de la fotografía como imágenes reales y copiadas que interactúan en los cruces del pasado, presente y futuro. | ||
| 546 | |a Edición gráfica con texto bilingüe inglés-español | ||
| 649 | |a XX | ||
| 650 | |a Fotógrafos Argentinos | ||
| 650 | |a Artistas Argentinos | ||
| 650 | |a Fotografía en Color | ||
| 650 | |a Destastres Naturales - |z Japón - |x Fotografías - |x Tema Principal | ||
| 650 | |a Desastres Naturales - |z Otsuchi, Japón - |x Fotografías - |x Tema Principal | ||
| 650 | |a Otsuchi, Japón - |x Fotografías - |x Tema Principal | ||
| 650 | |a Japón - |x Fotografías | ||
| 650 | |a Fotografía Argentina - |y 2010-2019 | ||
| 650 | |a Fotografía Argentina - |y Siglo XXI | ||
| 650 | |a Arte Argentino - |y 2010-2019 | ||
| 650 | |a Arte Argentino - |y Siglo XXI | ||
| 650 | |a Chaskielberg, Alejandro - |x Tema Principal | ||
| 700 | |a Moriyama, Daido |e (prefacio) | ||
| 700 | |a Reverté, Ramón |e (dirección creativa) | ||
| 910 | |a Fondo Pedro Valtierra | ||
| 920 | |a Impresos - Libros | ||
| 930 | |a Libros Antiguos y Raros | ||
| 905 | |a 129 | ||
| 901 | |a 0500369240 |b IT2 |c LRA |i D |u 20250526 | ||
| 902 | |a https://opac.biblio.iteso.mx/vufind/Record/000451458 | ||